000 00711nam a22002055i 4500
001 177648
003 ES-MaACL
005 20230906220359.0
008 110408s1988 sp |||| | spa d
020 _a84-404-1980-5
080 _a821.134.2-32"19"
100 1 _aMenchén, Pedro.
_9146080
245 1 1 _a¿Alguien es capaz de escuchar a un hombre completamente desnudo que entra a medianoche por una ventana de su casa?
_b: relatos /
_cPedro Menchén.
260 _aAlcalá de Henares :
_bFundación Colegio del Rey,
_cimp. 1988.
300 _a162 p. ;
_c21 cm.
490 1 _aAlcalá-Narrativa ;
_v11
830 0 _aAlcalá-Narrativa ;
_v11
_9190393
852 _aES-MaACL
_jE-14849
999 _c177648
_d177648